Statistics for Country and Capitals Crossword (SVG)

Click here to take the quiz!

General Stats

  • This quiz has been taken 779 times
    (312 since last reset)
  • The average score is 12 of 17

Answer Stats

Question % Correct
1     The smallest of the -stan countries (10)    {Tajikistan}
91%
9     A landlocked 'safeground' for Spain and France (7)    {Andorra}
89%
5     Country home to the tallest mountain on Earth (5)    {Nepal}
88%
3     One of few countries containing a 'Q' (4)    {Iraq}
86%
7     Northern-most country of mainland Africa (7)    {Tunisia}
85%
15   Host City of the first Modern Olympic Games (6)    {Athens}
82%
13   Libya and Cameroon border this African country (4)    {Chad}
79%
16   (Upwards) Capital of Belarus (5)    {Minsk}
77%
4     Capital containing a very populous metropolitan area (5)    {Tokyo}
76%
6     Little neighbour to 3 down (6)    {Kuwait}
75%
10   Capital of an American country or City in California (3,4)    {San Jose}
73%
11   Country where 4 down is located (5)    {Japan}
72%
12   Similar to and Capital of 7 down (5)    {Tunis}
71%
2     Capital of a rather populous African country (5)    {Abuja}
65%
8     Anagram of an Eastern European Capital (4)    {Kive}/{Kvie} ({Kiev})
60%
14   Anagram (though not a word) of an Oceanic Capital (4)    {Iaap} ({Apia})
39%
17   Most of this country is 0-10m above sea level (10)   {Bangladesh}
21%

Score Distribution

Percentile by Number Answered

Percent of People with Each Score

Your Score History

You have not taken this quiz since the last reset